ARRUPE JESUIT UNIVERSITY

CORONAVIRUS -STOP THE SPREAD - CLEAN,DISINFECT,COVER

The invention of women : (Record no. 5934)

MARC details
000 -LEADER
fixed length control field 01319cam a2200337 a 4500
001 - CONTROL NUMBER
control field 4963923
005 - DATE AND TIME OF LATEST TRANSACTION
control field 20170612091757.0
008 - FIXED-LENGTH DATA ELEMENTS--GENERAL INFORMATION
fixed length control field 970801s1997 mnu b s001 0 eng
010 ## - LIBRARY OF CONGRESS CONTROL NUMBER
LC control number 97036162
020 ## - INTERNATIONAL STANDARD BOOK NUMBER
International Standard Book Number 0816624402 (hc : alk. paper)
020 ## - INTERNATIONAL STANDARD BOOK NUMBER
International Standard Book Number 0816624410 (pb : alk. paper)
040 ## - CATALOGING SOURCE
Original cataloging agency DLC
Transcribing agency DLC
Modifying agency DLC
043 ## - GEOGRAPHIC AREA CODE
Geographic area code f-nr---
050 00 - LIBRARY OF CONGRESS CALL NUMBER
Classification number DT515.45.Y67
Item number O94 1997
082 00 - DEWEY DECIMAL CLASSIFICATION NUMBER
Classification number 305.48/896333
Edition number 21
100 1# - MAIN ENTRY--PERSONAL NAME
Personal name Oyěwùmí, Oyèrónkẹ́.
9 (RLIN) 32455
245 14 - TITLE STATEMENT
Title The invention of women :
Remainder of title making an African sense of Western gender discourses /
Statement of responsibility, etc Oyèrónkẹ́ Oyěwùmí.
260 ## - PUBLICATION, DISTRIBUTION, ETC. (IMPRINT)
Place of publication, distribution, etc Minneapolis :
Name of publisher, distributor, etc University of Minnesota Press,
Date of publication, distribution, etc c1997.
300 ## - PHYSICAL DESCRIPTION
Extent xxi, 229 p. ;
Dimensions 24 cm.
504 ## - BIBLIOGRAPHY, ETC. NOTE
Bibliography, etc Includes bibliographical references (p. 209-222) and index.
650 #0 - SUBJECT ADDED ENTRY--TOPICAL TERM
Topical term or geographic name as entry element Women, Yoruba
General subdivision Social conditions.
9 (RLIN) 32456
650 #0 - SUBJECT ADDED ENTRY--TOPICAL TERM
Topical term or geographic name as entry element Women, Yoruba
General subdivision History.
9 (RLIN) 32457
650 #0 - SUBJECT ADDED ENTRY--TOPICAL TERM
Topical term or geographic name as entry element Philosophy, Yoruba.
9 (RLIN) 18664
650 #0 - SUBJECT ADDED ENTRY--TOPICAL TERM
Topical term or geographic name as entry element Sex role
Geographic subdivision Nigeria.
9 (RLIN) 32424
650 #0 - SUBJECT ADDED ENTRY--TOPICAL TERM
Topical term or geographic name as entry element Human body
General subdivision Social aspects
Geographic subdivision Nigeria.
9 (RLIN) 32458
906 ## - LOCAL DATA ELEMENT F, LDF (RLIN)
a 7
b cbc
c orignew
d 1
e ocip
f 19
g y-gencatlg
942 ## - ADDED ENTRY ELEMENTS (KOHA)
Source of classification or shelving scheme Library of Congress Classification
Item type Monograph ( Printed materials)
Holdings
Withdrawn status Lost status Source of classification or shelving scheme Damaged status Not for loan Collection code Home library Current library Shelving location Date acquired Total Checkouts Total Renewals Full call number Barcode Date last seen Date last borrowed Copy number Price effective from Koha item type
    Library of Congress Classification     Main Collection ARRUPE LIBRARY ARRUPE LIBRARY   27/02/2013 5 1 DT515.45.Y67O94 46407140 15/05/2025 07/04/2025 1 27/02/2013 Monograph ( Printed materials)

 

Arrupe Library. PO Box MP320 Mt Pleasant, Harare, Zimbabwe
263 242 745411|librarian@aju.ac.zw